000 00252nam a2200109Ia 4500
008 220204s9999 xx 000 0 und d
082 _a82-3
_bFAS
100 _aFast, Howard
245 4 _aThe Immigrants
260 _aEngland
_bCoronet
_c1982
942 _cBK
999 _c38802
_d38802